000 00441nam a2200181Ia 4500
005 20231107105324.0
008 131103s9999 xx 000 0 und d
040 _aLoreto College
041 _aEnglish
082 _aF
_bSTO
100 _aStory,David
245 4 _aThe Sporting life
_cDavid Story
260 _aHarmondsworth
_bPenguin Books
_c1960
300 _a253 p.
650 _aFiction In English
850 _aLCLIB
942 _cBK
999 _c14047
_d64526